000 00535nam a2200193 a 4500
005 20140310183146.0
008 021126s19uu xx 00 eng d
020 _a1861520530
050 _aHD 62.4
_b.R598 1998
100 _aRitchie, David
245 _aInformation system in business /
_cDavid Ritchie.
260 _aLondon :
_bITBS,
_c1998.
300 _a595 p. :
_bill. ;
_c23 cm.
521 _aBSBA
650 _aBusiness
_xdata processing
650 _aManagement
_xdata processing
942 _cBK
_2lcc
_kFOR
999 _c19530
_d19530